| 000 | 00881cam a22002291i 4500 | ||
|---|---|---|---|
| 003 | SA-RiAUC | ||
| 005 | 20241005151443.0 | ||
| 008 | 241003s1965 xxu g e 00000 ara c | ||
| 040 |
_aSA-RiKSU _bara _cSA-RiAUC _erda |
||
| 082 | 0 | 4 |
_a031 _qSA-RiAUC |
| 090 |
_a031 _bم و س |
||
| 245 | 0 | 2 |
_aالموسوعة العربية الميسرة / _cإشراف محمد شفيق غربال. |
| 264 | 1 |
_aنيويورك، الولايات المتحدة الأمريكية : _bمؤسسة فرانكلين، _c1965 |
|
| 300 |
_a2 مجلد: _b24 سم. |
||
| 336 |
_aنص _btxt _2rdacontent _3كتاب |
||
| 337 |
_aبدون وسيط _bn _2rdamedia |
||
| 338 |
_aمجلد _bnc _2rdacarrier |
||
| 650 | 7 |
_aدوائر المعارف العربية _2aucsh |
|
| 700 | 1 |
_aغربال، محمد شفيق، _d1894-1961 _eمشرف. |
|
| 942 |
_2ddc _cBOOK _n0 |
||
| 949 |
_aSA-JeALM _d241003 _umohamedma123 _n1 |
||
| 999 |
_c876 _d876 |
||